Dispossessed /

Đã lưu trong:
Chi tiết về thư mục
Tác giả chính: Le Guin, Ursula K.
Định dạng: Sách
Ngôn ngữ:Tiếng Anh
Được phát hành: New York Harper Prism 1994
Các nhãn: Thêm thẻ
Không có thẻ, Là người đầu tiên thẻ bản ghi này!

MARC

LEADER 00000nam a2200000 4500
001 CDOM0000005528
003 mi
005 20250924121311.0
008 250924b |||||||| |||| 00| 0 eng d
040 |c mi 
100 |a Le Guin, Ursula K. 
245 1 |a Dispossessed /  |c Ursula K. Le Guin 
260 |a New York  |b Harper Prism  |c 1994 
300 |a 387 p.  |c 18 cm. 
942 |2 ddc  |c BK 
952 |0 0  |1 0  |2 ddc  |4 0  |6 B_LNR02LEGURDIS11  |7 0  |9 7868  |a MI  |b MI  |d 2013-06-11  |i 6548  |l 0  |o B-LNR02-LEGUR-DIS11  |p CDOM6548  |r 2025-07-13 16:28:00  |w 2025-07-13  |x DONO  |y BK 
999 |c 6539  |d 6539